Statistics for Flags with bears on them

Click here to take the quiz!

General Stats

  • This quiz has been taken 21 times
  • The average score is 4 of 10

Answer Stats

Answer% Correct
California
95%
Bern
70%
Madrid
70%
Los Angeles
60%
Missouri
50%
Berlin
35%
Hammerfest
20%
Warwickshire
15%
Beernem
5%
Perm Krai
5%

Score Distribution

Percentile by Number Answered

Percent of People with Each Score

Your Score History

You have not taken this quiz